A manual of the Pudukkottai state (Record no. 6881)

MARC details
000 -LEADER
fixed length control field 00776 a2200205 4500
005 - DATE AND TIME OF LATEST TRANSACTION
control field 20080911163746.0
008 - FIXED-LENGTH DATA ELEMENTS--GENERAL INFORMATION
fixed length control field 080911t xxu||||| |||| 00| 0 eng d
010 ## - LIBRARY OF CONGRESS CONTROL NUMBER
LC control number ENG-87729
020 ## - INTERNATIONAL STANDARD BOOK NUMBER
Terms of availability 190.00
035 ## - SYSTEM CONTROL NUMBER
System control number EN-71262
037 ## - SOURCE OF ACQUISITION
Source of stock number/acquisition DBAD / PUB
082 ## - DEWEY DECIMAL CLASSIFICATION NUMBER
Classification number 954.31
245 ## - TITLE STATEMENT
Title A manual of the Pudukkottai state
Statement of responsibility, etc edited by K.R. Venkatarama Ayyar
250 ## - EDITION STATEMENT
Edition statement 2nd rev. ed.
260 ## - PUBLICATION, DISTRIBUTION, ETC. (IMPRINT)
Place of publication, distribution, etc Chennai
Name of publisher, distributor, etc Government Museums
Date of publication, distribution, etc 2004
270 ## - ADDRESS
Address Directorate of Museums, Government of Tamil Nadu
300 ## - PHYSICAL DESCRIPTION
Extent vol 1 (xiii, 518 p.)
Dimensions 24 cm (pbk)
942 ## - ADDED ENTRY ELEMENTS (KOHA)
Institution code [OBSOLETE] dpl
Koha item type English Books
Call number prefix 954.31/AMA
Source of classification or shelving scheme Dewey Decimal Classification
Classification part 954.31
Call number suffix AMA
Holdings
Withdrawn status Lost status Damaged status Not for loan Collection code Home library Current library Date acquired Cost, normal purchase price Total Checkouts Full call number Barcode Date last seen Copy number Uniform Resource Identifier Cost, replacement price Price effective from Koha item type
      Not For Loan Non-fiction D.B.Act.Division D.B.Act.Division 11/09/2008 190.00   954.31 AMA EN-71262 15/09/2008 1 7387 190.00 15/09/2008 English Books

© Delhi Public Library
Hit Counter
free hit counter